Introductory sociology / (Record no. 2964)
[ view plain ]
| 000 -LEADER | |
|---|---|
| fixed length control field | 00673cac a22002175a 4500 |
| 005 - DATE AND TIME OF LATEST TRANSACTION | |
| control field | 20201128013247.0 |
| 008 - FIXED-LENGTH DATA ELEMENTS--GENERAL INFORMATION | |
| fixed length control field | 081104s2002 nyua frb 001 0 eng d |
| 020 ## - INTERNATIONAL STANDARD BOOK NUMBER | |
| International Standard Book Number | 9780333945711 |
| 040 ## - CATALOGING SOURCE | |
| Original cataloging agency | EG-ScBUE |
| Language of cataloging | eng |
| Transcribing agency | EG-ScBUE |
| Modifying agency | EG-ScBUE |
| 082 04 - DEWEY DECIMAL CLASSIFICATION NUMBER | |
| Classification number | 301.21 |
| Item number | INT |
| Edition number | 22 |
| 245 00 - TITLE STATEMENT | |
| Title | Introductory sociology / |
| Statement of responsibility, etc | Tony Bilton ... [et. al.] |
| 250 ## - EDITION STATEMENT | |
| Edition statement | 4th ed. |
| 260 ## - PUBLICATION, DISTRIBUTION, ETC. (IMPRINT) | |
| Place of publication, distribution, etc | New York : |
| Name of publisher, distributor, etc | Palgrave Macmillan, |
| Date of publication, distribution, etc | 2002. |
| 300 ## - PHYSICAL DESCRIPTION | |
| Extent | xxxiii, 596 p. : |
| Other physical details | ill. ; |
| Dimensions | 24 cm. |
| 504 ## - BIBLIOGRAPHY, ETC. NOTE | |
| Bibliography, etc | Includes bibliographical references and indexes. |
| 650 #7 - SUBJECT ADDED ENTRY--TOPICAL TERM | |
| Topical term or geographic name as entry element | Sociology. |
| 9 (RLIN) | 718 |
| Source of heading or term | BUEsh |
| 653 ## - INDEX TERM--UNCONTROLLED | |
| Resource For college | BAEPS, Economics |
| Arrived date list | September2017 |
| 655 ## - INDEX TERM--GENRE/FORM | |
| Form subdivision | Text book |
| -- | 33728 |
| 700 1# - ADDED ENTRY--PERSONAL NAME | |
| Personal name | Bilton, Tony. |
| 9 (RLIN) | 803 |
| 942 ## - ADDED ENTRY ELEMENTS (KOHA) | |
| Source of classification or shelving scheme | Dewey Decimal Classification |
| Withdrawn status | Item status | Source of classification or shelving scheme | Damaged status | Not for loan | Home library | Current library | Shelving location | Date acquired | Source of acquisition | Total Checkouts | Total Renewals | Full call number | Barcode | Date last seen | Date last borrowed | Koha item type | Checked out | Materials specified (bound volume or other part) | Vendor | Cost, normal purchase price |
|---|---|---|---|---|---|---|---|---|---|---|---|---|---|---|---|---|---|---|---|---|
| Dewey Decimal Classification | Central Library | Central Library | First floor | 07/03/2013 | Purchase | 22 | 78 | 301.21 INT | 000001148 | 08/02/2026 | 30/09/2025 | Book - Borrowing | ||||||||
| Dewey Decimal Classification | Central Library | Central Library | First floor | 07/03/2013 | Purchase | 13 | 26 | 301.21 INT | 000001147 | 26/09/2018 | 26/09/2018 | Book - Borrowing | 23/03/2019 | |||||||
| Dewey Decimal Classification | Central Library | Central Library | First floor | 07/03/2013 | Purchase | 1 | 301.21 INT | 000001146 | 26/02/2008 | Book - Borrowing | 25/07/2008 | Please return it to cataloging department | ||||||||
| Dewey Decimal Classification | Central Library | Central Library | First floor | 04/11/2008 | Purchase | 12 | 31 | 301.21 INT | 000006127 | 21/10/2025 | 08/09/2025 | Book - Borrowing | Please return it to cataloging department | |||||||
| Dewey Decimal Classification | Central Library | Central Library | First floor | 28/09/2017 | Purchase | 301.21 INT | 000046552 | 15/07/2025 | NB - Book (Non borrowing) | Baccah | 550.00 |